|
|
|
|
| LEADER |
02253cas a2200277 a 4500 |
| 001 |
AALejournalIMF014741 |
| 008 |
230101c9999 xx r poo 0 0eng d |
| 020 |
|
|
|c 5.00 USD
|
| 020 |
|
|
|z 9781484378861
|
| 022 |
|
|
|a 1018-5941
|
| 040 |
|
|
|a BD-DhAAL
|c BD-DhAAL
|
| 100 |
1 |
|
|a Escolano, Julio.
|
| 245 |
1 |
0 |
|a How Much is A Lot? :
|b Historical Evidence on the Size of Fiscal Adjustments /
|c Julio Escolano, Laura Jaramillo, Carlos Mulas-Granados, G. Terrier.
|
| 264 |
|
1 |
|a Washington, D.C. :
|b International Monetary Fund,
|c 2014.
|
| 300 |
|
|
|a 1 online resource (36 pages)
|
| 490 |
1 |
|
|a IMF Working Papers
|
| 500 |
|
|
|a <strong>Off-Campus Access:</strong> No User ID or Password Required
|
| 500 |
|
|
|a <strong>On-Campus Access:</strong> No User ID or Password Required
|
| 506 |
|
|
|a Electronic access restricted to authorized BRAC University faculty, staff and students
|
| 520 |
3 |
|
|a The sizeable fiscal consolidation required to stabilize the debt-to-GDP ratios in several countries in the aftermath of the global crisis raises a crucial question on its feasibility. To answer this question, we rely on historical evidence from a sample of 91 adjustment episodes of countries during 1945-2012 that needed and wanted to adjust in order to stabilize debt to GDP. We find that, in at least half the cases, countries improved their cyclically adjusted primary balances by close to 5 percent of GDP. We also observe that, while countries typically make substantial efforts to stabilize debt, once this objective is achieved, they tend to ease their primary balances and do not necessarily get back to their initial lower debt-to-GDP ratio. We find that consolidations tended to be larger when the initial deficit was high and adjustment efforts were sustained over time. Fiscal adjustments also tended to be larger when accompanied by an easing of monetary conditions and, to a lesser extent, by an improvement in credit conditions.
|
| 538 |
|
|
|a Mode of access: Internet
|
| 700 |
1 |
|
|a Jaramillo, Laura.
|
| 700 |
1 |
|
|a Mulas-Granados, Carlos.
|
| 700 |
1 |
|
|a Terrier, G.
|
| 830 |
|
0 |
|a IMF Working Papers; Working Paper ;
|v No. 2014/179
|
| 856 |
4 |
0 |
|z Full text available on IMF
|u http://elibrary.imf.org/view/journals/001/2014/179/001.2014.issue-179-en.xml
|z IMF e-Library
|